[Event "Kuressaare Saaremaa Rapid op"]
[Site "Kuressaare"]
[Date "2024.06.01"]
[Round "6"]
[White "Keinanen, Toivo"]
[Black "Chatalbashev, Boris"]
[Result "1-0"]
[WhiteElo "2542"]
[BlackElo "2483"]
[PlyCount "59"]
[EventDate "2024.06.01"]
[EventType "swiss (rapid)"]
[EventRounds "11"]
[EventCountry "EST"]
[SourceTitle "CBM 220 Extra"]
[Source "ChessBase"]
[SourceDate "2024.07.31"]
[SourceVersion "1"]
[SourceVersionDate "2024.07.31"]
[SourceQuality "1"]

1. d4 Nf6 2. Nf3 c5 3. d5 g6 4. Nc3 Bg7 5. e4 0-0 6. e5 Ng4 7. Ng5 Nxe5 8. f4 f6 9. Nxh7 Kxh7 10. fxe5 f5 11. Bf4 e6 12. Bc4 d6 13. dxe6 dxe5 14. Qxd8 Rxd8 15. e7 Re8 16. Bg5 Nc6 17. Nb5 Rxe7 18. Bxe7 Nxe7 19. 0-0-0 a6 20. Nd6 b5 21. Bf7 Bh6+ 22. Kb1 Kg7 23. h4 Bd7 24. h5 g5 25. Rhe1 e4 26. g4 f4 27. Rxe4 Bxg4 28. Rxe7 Kf8 29. Rde1 f3 30. Bd5 1-0

[Event "Kuressaare Saaremaa Rapid op"]
[Site "Kuressaare"]
[Date "2024.06.01"]
[Round "2"]
[White "Mustaps, Matiss"]
[Black "Chatalbashev, Boris"]
[Result "0-1"]
[WhiteElo "2365"]
[BlackElo "2483"]
[PlyCount "60"]
[EventDate "2024.06.01"]
[EventType "swiss (rapid)"]
[EventRounds "11"]
[EventCountry "EST"]
[SourceTitle "CBM 220 Extra"]
[Source "ChessBase"]
[SourceDate "2024.07.31"]
[SourceVersion "1"]
[SourceVersionDate "2024.07.31"]
[SourceQuality "1"]

1. e4 g6 2. d4 Bg7 3. Nc3 d6 4. Be3 a6 5. a4 Nf6 6. f3 0-0 7. Qd2 e5 8. Nge2 exd4 9. Nxd4 d5 10. e5 Nfd7 11. Nxd5 Nxe5 12. Nc3 Re8 13. 0-0-0 b5 14. Bg5 f6 15. Bh6 c5 16. Bxg7 cxd4 17. Bh6 Nbc6 18. Ne4 Bf5 19. Qf4 Nf7 20. Ng3 Bxc2 21. Kxc2 Nb4+ 22. Kb1 Qd5 23. Ne4 Qa2+ 24. Kc1 Rac8+ 25. Kd2 Nd5 26. Qh4 f5 27. Bd3 fxe4 28. fxe4 Qxb2+ 29. Ke1 Nxh6 30. Qxh6 Ne3 0-1

[Event "DEN-chT 2324 61st"]
[Site "Denmark"]
[Date "2024.04.06"]
[Round "8.1"]
[White "Chatalbashev, Boris"]
[Black "Rasmussen, Allan Stig"]
[Result "1/2-1/2"]
[WhiteElo "2467"]
[BlackElo "2510"]
[PlyCount "78"]
[EventDate "2023.10.28"]
[EventType "team-tourn"]
[EventRounds "9"]
[EventCountry "DEN"]
[SourceTitle "EXT 2025"]
[Source "ChessBase"]
[SourceDate "2024.10.14"]
[SourceVersion "1"]
[SourceVersionDate "2024.10.14"]
[SourceQuality "1"]
[WhiteTeam "Fredericia"]
[BlackTeam "Frem"]
[WhiteTeamCountry "DEN"]
[BlackTeamCountry "DEN"]

1. Nf3 d5 2. g3 c6 3. Bg2 Bg4 4. 0-0 Nf6 5. d3 Nbd7 6. Nbd2 e5 7. h3 Bh5 8. e4 dxe4 9. dxe4 Bc5 10. Qe1 Qc7 11. a4 0-0 12. Nc4 Rfe8 13. b4 Bf8 14. Bb2 Bxf3 15. Bxf3 b5 16. Ne3 Nb6 17. a5 Na4 18. Ba3 Rad8 19. c4 Rd4 20. cxb5 cxb5 21. Nf5 Rd7 22. Qe3 a6 23. Rac1 Qb7 24. Rfd1 Rxd1+ 25. Rxd1 Qc6 26. Qg5 Kh8 27. Rd6 Qc8 28. Rxf6 Qd8 29. Nxg7 Bxg7 30. Rf5 Qxg5 31. Rxg5 Rc8 32. Rf5 Rc3 33. Rxf7 Rxa3 34. Bg4 Rd3 35. Ra7 Bf8 36. Ra8 Kg7 37. Ra7+ Kh8 38. Ra8 Kg7 39. Ra7+ Kh8 1/2-1/2

[Event "DEN-ch"]
[Site "Svendborg"]
[Date "2024.03.29"]
[Round "7"]
[White "Borge, Nikolaj"]
[Black "Chatalbashev, Boris"]
[Result "1/2-1/2"]
[WhiteElo "2379"]
[BlackElo "2448"]
[PlyCount "110"]
[EventDate "2024.03.23"]
[EventType "tourn"]
[EventRounds "9"]
[EventCountry "DEN"]
[EventCategory "7"]
[SourceTitle "CBM 219 Extra"]
[Source "ChessBase"]
[SourceDate "2024.05.31"]
[SourceVersion "1"]
[SourceVersionDate "2024.05.31"]
[SourceQuality "1"]

1. e4 c5 2. Nf3 Nc6 3. d4 cxd4 4. Nxd4 g6 5. Nc3 Bg7 6. Be3 Nf6 7. Bc4 0-0 8. Bb3 d6 9. f3 Bd7 10. Qd2 Nxd4 11. Bxd4 b5 12. 0-0 Bc6 13. Rfd1 a5 14. a3 Qc7 15. Rac1 e6 16. Qg5 Nd7 17. Nxb5 Bxb5 18. Bxg7 Kxg7 19. Qxb5 a4 20. Ba2 Rfb8 21. Qd3 Qc5+ 22. Qd4+ Qxd4+ 23. Rxd4 Rxb2 24. Bc4 Ne5 25. Be2 g5 26. Rxd6 Ra2 27. Kf2 Rxa3 28. c4 Rb8 29. Rc2 Rc8 30. c5 Nc6 31. Bb5 Nb4 32. Rc1 Ra2+ 33. Kg3 a3 34. Rb6 Rb2 35. Bd7 Rc7 36. c6 Nd3 37. Rb1 Rc2 38. h4 h6 39. hxg5 hxg5 40. Ra1 a2 41. Ra6 Nc1 42. Rxc1 Rxc1 43. Rxa2 Kg6 44. Ra5 Rc2 45. Kh3 Kf6 46. Kg3 Kg6 47. Kh3 g4+ 48. Kxg4 Rxg2+ 49. Kf4 Kf6 50. e5+ Kg6 51. Ra1 Re2 52. Rg1+ Kh7 53. Rh1+ Kg7 54. Rg1+ Kf8 55. Ra1 Kg7 1/2-1/2